| 000 | 00000nam##2200000za#4500 |
| 001 | 9.589691 |
| 003 | CaOODSP |
| 005 | 20210624195752 |
| 007 | cr ||||||||||| |
| 008 | 150406|2011||||xxc|||||o f|0| 0 eng|d |
| 022 | |a1919-5044 |
| 040 | |aCaOODSP|beng |
| 041 | |aeng |
| 041 | |afre |
| 043 | |an-cn--- |
| 086 | 1 |aFs70-5/2011-043-PDF |
| 110 | 1 |aCanada. |bDepartment of Fisheries and Oceans. |
| 245 | 10|aUpdate of the estimation of northern shrimp (Pandalus borealis) biomass and abundance from the trawl survey in the Estuary and the northern Gulf of St. Lawrence in 2010 / |h[electronic resource]|c[by] Louise Savard and Hugo Bourdages. |
| 260 | |aMont-Joli - Quebec : |bFisheries and Oceans Canada |cc2011. |
| 300 | |a34p.|bfigs., graphs, references, tables |
| 490 | 1 |aCanadian Science Advisory Secretariat research document|x1919-5044|v2011/043, Quebec Region |
| 590 | |a13-25-Supp|b2013-10-28 |
| 792 | |tMise à jour de l'estimation de biomasse et d'abondance de la crevette nordique (Pandalus borealis) à partir du relevé de chalutage dans l'estuaire et le nord du golfe du Saint-Laurent en 2010 / |efre|w(CaOODSP)9.589692 |
| 830 | #0|aResearch document (Canadian Science Advisory Secretariat)|x1919-5044|v2011/043, Quebec Region|w(CaOODSP)9.500505 |
| 856 | 40|ahttp://publications.gc.ca|qPDF|s981 KB|uhttps://publications.gc.ca/collections/collection_2013/mpo-dfo/Fs70-5-2011-043.pdf|y2011/043, Quebec Region |